000 01743nam2a2200361 4500
001 RU\NLR\PER_A\004262987_000480
005 20260408224859.0
035 _a(NLR Aleph) 022745118
090 _a13558906
_c13558906
100 _a20260305d2025 u y0rusy50 ca
101 0 _aeng
102 _aRU
105 _ay z 000zy
200 1 _aExtra-regional actors in the Middle East
_fAndrey Kortunov, Alexander Aksenenok, Alexey Davydov [et al.]
210 _aMoscow
_cNPMP RIAC
_d2025
215 _a62 с.
_d24
320 _aБиблиогр. в подстроч. примеч.
461 0 _1001RU\NLR\Perin\1053866
_12001#$a[Report]$fRuss. intern. affairs council, RIAC$v№ 99
_92178800
_aRussian international affairs council
_cMoscow
_d2012-
_fRuss. intern. affairs council, RIAC
_nProspect
_t[Report]
_v№ 99
541 1 _aВнерегиональные акторы на Ближнем Востоке
606 1 _aГеополитика
_jЛекции, доклады и т.п
_yБлижний Восток
_92622259
_3RU\NLR\AUTH\661558819
607 _aБлижний Восток
_xМеждународное положение
_z1-я четв. 21 в.
_jЛекции, доклады и т.п
_3RU\NLR\AUTH\6601759391
_92675536
686 1 _aТ3(53)63-6
686 1 _aФ4(53)3
701 1 _7ba
_8rus
_aKortunov
_bA. V.
_f1957-
_gAndrej Vadimovič
_9250937
_3RU\NLR\AUTH\770250993
701 1 _aAksenenok
_f1942-
_gAleksandr Georgievič
701 1 _7ba
_8rus
_aDavydov
_bA. A.
_cканд. полит. наук
_f1993-2025
_gAleksej Andreevič
_3RU\NLR\AUTH\770290997
_92700648
852 _aNLR
_jP22/7086
942 _cISSUE
980 _aINPER
980 _aNB